Wine districts of Hungary - Statistics

General Stats
  • This quiz has been taken 127 times
  • The average score is 11 of 22
Answers on the Map
Answers color-coded by a green-red scale on the quiz's map according to % correct below.
 
Answer Stats
Borrégió Answer % Correct
Tokaji Tokaji
88%
Felső-Pannon Soproni
77%
Felső-Magyarország Egri
75%
Pannon Villányi
71%
Felső-Pannon Etyek-Budai
65%
Pannon Pécsi
60%
Balaton Zalai
59%
Pannon Szekszárdi
58%
Balaton Badacsonyi
57%
Pannon Tolnai
52%
Balaton Balaton-felvidéki
49%
Felső-Magyarország Bükki
44%
Duna Csongrádi
44%
Duna Hajós-Bajai
44%
Felső-Magyarország Mátrai
42%
Duna Kunsági
41%
Balaton Balatonfüred-Csopaki
39%
Felső-Pannon Pannonhalmi
39%
Balaton Balatonboglári
34%
Felső-Pannon Móri
31%
Balaton Nagy-Somlói
26%
Felső-Pannon Neszmélyi
20%
No matching quizzes found
Score Distribution
Percent of People with Each Score
Percentile by Number Answered
Your Score History
You have not taken this quiz